Quiz o Geometry Dash (Wersja łatwa) - Statystyki

Ogólne statystyki
  • Ten quiz został rozwiązany 113 razy
    97 od ostatniego zresetowania
  • Średni wynik to 10 z 20
Statystyki odpowiedzi
Wskazówka Odpowiedź % Poprawnych
Pierwszy Poziom w Grze Stereo Madness
96%
Deweloper Gry Robtop
94%
Dla wielu najłatwiejszy Demon w grze The Nightmare
74%
Najtrudniejszy Poziom w 2015 r. Bloodbath
71%
Nazwa Rewolucyjnej aktualizacji 2.2
69%
Tyle lat zajęła Wielka aktualizacja 7
68%
Najlepszy Gracz w GD (według Pointercreat Demonlist) Zoink
68%
Gracz, Który weryfikuje nowy najtrudniejszy Poziom w Grze - Grief Doggie
67%
Pierwszy Demon w Grze Demon Park
63%
Najtrudniejszy Poziom w Grze Thinking Space II
63%
Gracz, który zweryfikował cheatami Slaghterhouse SpaceUK
53%
Wyzwanie, Które składa się z 3 poziomów, większość graczy ich nie lubi Map Pack
39%
Wyzwanie składające się z 5 poziomów Gauntlet
38%
Gracz, Który Zweryfikował cheatami Sonic wave, a potem zniknął Cyclic
31%
"Pomocnik" Robtopa, Hostował wiele poziomów Viprin
28%
Artysta, który stworzył muzykę do poziomu "Theory Of Everything" DJNate
26%
Najstarszy (wiek) gracz GD EricVanWilderman
19%
Artysta Muzyczny, Który aktywnie działa w Community GD BoomKitty
15%
Hacker, który w 2015 r. Prawie doprowadził grę do upadku Anaban
11%
Twórca z największą liczbą Creator Pointsów Split72
10%
Nie znaleziono quizów pasujących do podanych kryteriów
Rozkład punktacji
Procent ludzi z każdym wynikiem
Percentyl według liczby udzielonych odpowiedzi
Twoja historia wyników
Nie rozwiązałeś tego quizu od ostatniego zresetowania